000 00585nam a2200205Ia 4500
003 IN-BaIIA
008 211028s9999 xx 000 0 eng d
020 _a90-277-0796-0
040 _cIIA Library
080 _a082.2:52
_bIAU-S75
245 0 _aStar formation
_cedited by T. de Jong and A. Maeder
260 _aDordrecht
_bD. Reidel Publishing
_c1977
300 _axiv, 296p.
650 _aAstronomy and Astrophysics Thesaurus
650 _aStar formation
650 _aStellar evolution
700 _aJong, De T., ed.
_99918
700 _aMaeder, Andre., ed.
_99919
942 _cBK
999 _c5726
_d5726